Kulturen der Gewalt: Ritualisierung und Symbolisierung von Gewalt in der Geschichte

Der Sammelband dokumentiert mit 14 allgemeinverständlichen Beiträgen Ergebnisse zweier Forschungskonferenzen der Breuninger Stiftung 1996/97, mit denen interdisziplinärer Diskussion über Trauma und Gewalt ein historisches Fundament in zeitlich-geographisch weitgespanntem Rahmen gegeben werden sollte...

Descripción completa

Guardado en:  
Detalles Bibliográficos
Otros Autores: Sieferle, Rolf Peter 1949-2016 (Editor) ; Breuninger, Helga 1947- (Otro)
Tipo de documento: Print Libro
Lenguaje:Alemán
Publicado: Frankfurt/Main [u.a.] Campus-Verl. 1998
En:Año: 1998
Acceso en línea: Buchrezension (H-Soz-u-Kult)
Índice
Índice
Texto de la solapa
Texto de la solapa
Reseña
Disponibilidad en Tübingen:Disponible en Tübingen.
IFK: Q I 173
Verificar disponibilidad: HBZ Gateway
Servicio de pedido Subito: Pedir ahora.
Palabras clave:

MARC

LEADER 00000cam a2200000 c 4500
001 24363949X
003 DE-627
005 20260128171454.0
007 tu
008 980511s1998 gw ||||| 00| ||ger c
015 |a 98,N21,0643  |2 dnb 
015 |a 98,A33,1770  |2 dnb 
016 7 |a 953462897  |2 DE-101 
020 |a 9783593359526  |c  : DM 48.00, S 350.00, sfr 46.00 (kart.)  |9 978-3-593-35952-6 
020 |a 3593359529  |c  : DM 48.00, S 350.00, sfr 46.00 (kart.)  |9 3-593-35952-9 
024 3 |a 9783593359526 
035 |a (DE-627)24363949X 
035 |a (DE-603)057087024 
035 |a (DE-576)065922387 
035 |a (DE-599)DNB953462897 
035 |a (OCoLC)246219480 
035 |a (OCoLC)40454680 
035 |a (AT-OBV)AC02348234 
035 |a (DE-478)952067879 
035 |a (DE-H357)his9278 
040 |a DE-627  |b ger  |c DE-627  |e rakwb 
041 |a ger 
044 |c XA-DE  |c XD-US 
082 0 4 |a 63  |q dnb 
084 |a Ee  |2 asb 
084 |a Gcr  |2 asb 
084 |a POL 75  |2 sfb 
084 |a S 230  |2 sfb 
084 |a S 915  |2 sfb 
084 |a D 101  |2 kab 
084 |a E 713  |2 kab 
084 |a 63  |2 sdnb 
084 |a NK 4930  |2 rvk  |0 (DE-625)rvk/126079: 
084 |a LB 51000  |2 rvk  |0 (DE-625)rvk/90566:772 
084 |a MD 3000  |2 rvk  |0 (DE-625)rvk/122502: 
084 |a MS 4450  |2 rvk  |0 (DE-625)rvk/123703: 
084 |a NK 4760  |2 rvk  |0 (DE-625)rvk/126056: 
084 |a NK 6500  |2 rvk  |0 (DE-625)rvk/126103: 
084 |a 15.21  |2 bkl 
084 |a 15.07  |2 bkl 
084 |a 73.79  |2 bkl 
084 |a 71.79  |2 bkl 
090 |a a 
245 0 0 |a Kulturen der Gewalt  |b Ritualisierung und Symbolisierung von Gewalt in der Geschichte  |c Rolf Peter Sieferle; Helga Breuninger (Hg.) 
264 1 |a Frankfurt/Main [u.a.]  |b Campus-Verl.  |c 1998 
300 |a 295 S.  |b Ill. 
336 |a Text  |b txt  |2 rdacontent 
337 |a ohne Hilfsmittel zu benutzen  |b n  |2 rdamedia 
338 |a Band  |b nc  |2 rdacarrier 
361 1 |5 DE-1  |y 4142112023  |s 35 ZZ 3844  |o Sammlung  |a Bibliothek Nelly und Wolfram Naumann  |0 (DE-588)1186094494  |0 (DE-627)1665447826  |f Stempel 
500 |a Literaturangaben 
505 8 |a Literaturangaben 
505 8 |a Literaturangaben 
520 |a Der Sammelband dokumentiert mit 14 allgemeinverständlichen Beiträgen Ergebnisse zweier Forschungskonferenzen der Breuninger Stiftung 1996/97, mit denen interdisziplinärer Diskussion über Trauma und Gewalt ein historisches Fundament in zeitlich-geographisch weitgespanntem Rahmen gegeben werden sollte: Staatliche Gewalt in Mesopotamien im frühen Altertum (Heinz), im mittelalterlichen Orient (Hoffmann), Bilder der Gewalt in römischer Kunst (Zanker), Anthropophagie und Abschreckung (Höllmann), das japanische Beispiel (N. u. M. Naumann), geregelte Gewaltanwendung im europäischen Mittelalter (Althoff), Neuzeit in der Zivilisationstheorie von N. Elias (Dinges), Lateinamerika (Riekenberg), Südafrika (Marx), Gandhi (Rothermund), kulturell kodierte Gewalt: Indonesien 1965/66 (Ellrich). Das ist zweifellos nützlich, unterstützt aber auch die verdrängende Flucht vor der Auseinandersetzung mit dem Hier und Jetzt in die globalisierende Historisierung. (3) (Friedrich Andrae) 
648 7 |a Geschichte  |2 gnd 
650 0 7 |0 (DE-588)4020832-1  |0 (DE-627)10631663X  |0 (DE-576)208934979  |a Gewalt  |2 gnd 
650 4 |a Gewalt 
650 4 |a Kultur 
650 4 |a Geschichte 
650 4 |a Gewaltgeschichte 
655 7 |a Aufsatzsammlung  |0 (DE-588)4143413-4  |0 (DE-627)105605727  |0 (DE-576)209726091  |2 gnd-content 
689 0 0 |d s  |0 (DE-588)4020832-1  |0 (DE-627)10631663X  |0 (DE-576)208934979  |a Gewalt  |2 gnd 
689 0 1 |a z  |2 gnd  |a Geschichte 
689 0 |5 DE-101 
689 1 0 |a z  |2 gnd  |a Geschichte 
689 1 |5 (DE-627) 
700 1 |a Sieferle, Rolf Peter  |d 1949-2016  |e Hrsg.  |0 (DE-588)120268159  |0 (DE-627)061047406  |0 (DE-576)163069883  |4 edt 
700 1 |a Breuninger, Helga  |d 1947-  |0 (DE-588)122115465  |0 (DE-627)08174532X  |0 (DE-576)293099693  |4 oth 
856 4 2 |u http://www.gbv.de/dms/hbz/toc/ht008508033.pdf  |m V:DE-605  |q pdf/application  |v 2008-11-15  |x Verlag  |y Inhaltsverzeichnis  |3 Inhaltsverzeichnis  |7 1 
856 4 2 |u http://bvbr.bib-bvb.de:8991/F?func=service&doc_library=BVB01&doc_number=008066505&line_number=0002&func_code=DB_RECORDS&service_type=MEDIA  |m V:DE-604  |q application/pdf  |3 Klappentext  |7 1 
856 4 2 |u https://www.hsozkult.de/publicationreview/id/rezbuecher-192  |m V:DE-576;X:HSozKult  |q text/html  |v 20180413111943  |3 Rezension  |7 1 
856 4 2 |u http://scans.hebis.de/HEBCGI/show.pl?05708702_toc.pdf  |m V:DE-604  |q application/pdf  |3 Inhaltsverzeichnis  |7 1 
856 4 2 |u http://scans.hebis.de/HEBCGI/show.pl?05708702_kla.pdf  |m V:DE-604  |q application/pdf  |3 Klappentext  |7 1 
856 4 2 |u http://hsozkult.geschichte.hu-berlin.de/rezensionen/type=rezbuecher&id=192  |x Verlag  |y Buchrezension (H-Soz-u-Kult)  |7 1 
935 |i sf 
935 |i Blocktest 
935 |h HEB  |i 0501 
935 |h HEB  |i 0503 
936 r v |a NK 4930  |b Einzelbeiträge  |k Geschichte  |k Weltgeschichte, Darstellungen Allgemeine Geschichte einzelner Staaten und Völker Teilgebiete der Geschichte, Sammelwerke  |k Teilgebiete der Geschichte  |k Allgemeine Geistes- und Kulturgeschichte  |k Allgemeine Kulturgeschichte  |k Einzelbeiträge  |0 (DE-627)1271457636  |0 (DE-625)rvk/126079:  |0 (DE-576)201457636 
936 r v |a LB 51000  |b Darstellung ohne geografischen Bezug  |k Sozial- und Kulturanthropologie. Empirische Kulturwissenschaft  |k Soziale und politische Organisation und Praxis  |k Konflikte, Krieg, Frieden  |k Darstellung ohne geografischen Bezug  |0 (DE-627)1271143402  |0 (DE-625)rvk/90566:772  |0 (DE-576)201143402 
936 r v |a MD 3000  |b Machttheorien  |k Politologie  |k Politische Theorie, Grundbegriffe des Politischen  |k Integrationstheorien  |k Machttheorien  |0 (DE-627)1271425602  |0 (DE-625)rvk/122502:  |0 (DE-576)201425602 
936 r v |a MS 4450  |b Herrschaft, Macht, Autorität, Gewalt  |k Soziologie  |k Spezielle Soziologien  |k Politische Soziologie  |k Herrschaft, Macht, Autorität, Gewalt  |0 (DE-627)1271441128  |0 (DE-625)rvk/123703:  |0 (DE-576)201441128 
936 r v |a NK 4760  |b Einzelbeiträge  |k Geschichte  |k Weltgeschichte, Darstellungen Allgemeine Geschichte einzelner Staaten und Völker Teilgebiete der Geschichte, Sammelwerke  |k Teilgebiete der Geschichte  |k Allgemeine Geistes- und Kulturgeschichte  |k Einzelbeiträge  |0 (DE-627)1271316773  |0 (DE-625)rvk/126056:  |0 (DE-576)201316773 
936 r v |a NK 6500  |b Staatslehre  |k Geschichte  |k Weltgeschichte, Darstellungen Allgemeine Geschichte einzelner Staaten und Völker Teilgebiete der Geschichte, Sammelwerke  |k Teilgebiete der Geschichte  |k Geschichte der politischen und sozialen Ideen und Bewegungen und der politischen Parteien  |k Staatslehre  |0 (DE-627)1271457709  |0 (DE-625)rvk/126103:  |0 (DE-576)201457709 
936 b k |a 15.21  |j Geschichte großer Gebietsräume  |0 (DE-627)106404644 
936 b k |a 15.07  |j Kulturgeschichte  |0 (DE-627)181569620 
936 b k |a 73.79  |j Ethnologie: Sonstiges  |0 (DE-627)181571846 
936 b k |a 71.79  |j Soziale Fragen  |j soziale Konflikte: Sonstiges  |0 (DE-627)106412159 
936 s n |a l100  |2 mzub 
936 s n |a m100  |2 mzub 
936 s n |a m200  |2 mzub 
936 s n |a n100  |2 mzub 
951 |a BO 
ELC |b 1 
LOK |0 000 xxxxxcx a22 zn 4500 
LOK |0 001 3248031166 
LOK |0 003 DE-627 
LOK |0 004 24363949X 
LOK |0 005 20010517000000 
LOK |0 008 991229||||||||||||||||ger||||||| 
LOK |0 040   |a DE-21-110  |c DE-627  |d DE-21-110 
LOK |0 852   |a DE-21-110 
LOK |0 852 1  |c Q I 173  |m p  |9 00 
LOK |0 935   |a k110 
LOK |0 936ln  |a 2.1 
LOK |0 938   |k p 
LOK |0 939   |a 29-12-99  |b l01 
ORI |a SA-MARC-krimdoka001.raw 
SIG |a IFK: Q I 173